[Event "Fujairah Global Superstar"]
[Site "Fujairah City UAE"]
[Date "2025.08.29"]
[Round "6.18"]
[White "Mendonca, Leon Luke"]
[Black "Kozak, Adam"]
[Result "1/2-1/2"]
[WhiteTitle "GM"]
[BlackTitle "GM"]
[WhiteElo "2606"]
[BlackElo "2586"]
[WhiteFideId "35028561"]
[BlackFideId "753246"]
[EventDate "2025.08.25"]

1. e4 e5 2. Nf3 Nc6 3. Bc4 Bc5 4. c3 Nf6 5. d4 exd4 6. e5 d5 7. Bb5 Ne4 8. cxd4
Bb6 9. Nc3 O-O 10. Be3 Bg4 11. h3 Bh5 12. Qc2 Nxc3 13. bxc3 f6 14. exf6 Qxf6 15.
Be2 Rae8 16. O-O Na5 17. Ne5 Bxe2 18. Qxe2 Qe6 19. Rab1 c6 20. Kh1 Bc7 21. f4 b5
22. Rf3 Nc4 23. Rbf1 c5 24. Bg1 cxd4 25. cxd4 Qf5 26. Qd1 a6 27. g4 Qc8 28. Qc2
Bd6 29. Qg2 b4 30. h4 a5 31. h5 a4 32. h6 g6 33. f5 Nxe5 34. dxe5 Bxe5 35. fxg6
Rxf3 36. Qxf3 hxg6 37. Qf7+ Kh8 38. Rf6 Rg8 39. Bh2 Qc1+ 40. Kg2 Qc2+ 41. Rf2
Qe4+ 42. Kh3 Qe3+ 43. Kg2 Qe4+ 44. Kh3 Qe3+ 45. Kg2 Qe4+ 1/2-1/2

[Event "Fujairah Global Superstar"]
[Site "Fujairah City UAE"]
[Date "2025.08.29"]
[Round "6.19"]
[White "Pranav, Anand"]
[Black "Socko, Bartosz"]
[Result "0-1"]
[WhiteTitle "GM"]
[BlackTitle "GM"]
[WhiteElo "2590"]
[BlackElo "2574"]
[WhiteFideId "46626786"]
[BlackFideId "1107038"]
[EventDate "2025.08.25"]

1. d4 Nf6 2. c4 e6 3. Nc3 Bb4 4. a3 Bxc3+ 5. bxc3 Nc6 6. f3 d6 7. e4 b6 8. Bd3
Na5 9. f4 Bb7 10. Qe2 Nb3 11. Rb1 Nxc1 12. Rxc1 e5 13. fxe5 dxe5 14. Nf3 Nd7 15.
O-O O-O 16. a4 a5 17. Rce1 Qe7 18. Qf2 Rae8 19. Nh4 g6 20. Nf3 Kg7 21. h3 f6 22.
h4 h5 23. Kh1 Bc8 24. Qb2 Rd8 25. Re3 Ba6 26. Nh2 Nb8 27. Rg3 Nc6 28. Nf3 Bc8
29. d5 Nb8 30. Qe2 Bg4 31. Qe3 Na6 32. Be2 Rh8 33. Ne1 Bd7 34. Nd3 Nc5 35. Nxc5
Qxc5 36. Qd2 Rdf8 37. Qd1 Rh6 38. Qc2 Qa3 39. Bd1 Qd6 40. Be2 Rhh8 41. Bd1 Qe7
42. Qd2 Bc8 43. Be2 Bd7 44. Bd1 Qd6 45. Qd3 Kf7 46. Qe3 Be8 47. Rgf3 Ke7 48.
R3f2 Bd7 49. Qg3 Rhg8 50. c5 bxc5 51. c4 f5 52. Qc3 f4 53. g3 g5 54. hxg5 Rxg5
55. gxf4 exf4 56. e5 Qg6 57. Qxa5 Rg8 58. Qxc5+ Kd8 59. Rh2 Bf5 60. Bf3 Be4 61.
Rh3 Rg3 62. Rxg3 Qxg3 0-1

[Event "Fujairah Global Superstar"]
[Site "Fujairah City UAE"]
[Date "2025.08.29"]
[Round "6.20"]
[White "Iturrizaga Bonelli, Eduardo"]
[Black "Kantor, Gergely"]
[Result "1-0"]
[WhiteTitle "GM"]
[BlackTitle "GM"]
[WhiteElo "2576"]
[BlackElo "2569"]
[WhiteFideId "3901211"]
[BlackFideId "751499"]
[EventDate "2025.08.25"]

1. c4 e6 2. g3 d5 3. Bg2 Nf6 4. Nf3 d4 5. d3 Bb4+ 6. Nbd2 a5 7. Ne5 Nfd7 8. Nxd7
Qxd7 9. O-O O-O 10. Nf3 Rd8 11. a3 Be7 12. Ne5 Qe8 13. f4 f6 14. Nf3 Bc5 15. e4
dxe3 16. Qe2 Nc6 17. Bxe3 Qe7 18. Qf2 Bxe3 19. Qxe3 Qd6 20. Rad1 Nd4 21. Nxd4
Qxd4 22. Qxd4 Rxd4 23. Kf2 a4 24. Ke3 c5 25. Rb1 Ra6 26. b4 axb3 27. Rxb3 b6 28.
Rfb1 Rd6 29. a4 Kf7 30. a5 bxa5 31. Rb5 Bd7 32. Rxc5 Ra7 33. Rb7 Rxb7 34. Bxb7
a4 35. Ra5 e5 36. c5 Rd4 37. fxe5 fxe5 38. c6 Bh3 39. c7 Rb4 40. c8=Q Bxc8 41.
Bxc8 Rb2 42. h4 Ra2 43. Ra7+ Kf6 44. Ra6+ Ke7 45. Be6 Ra1 46. Bc4 a3 47. Ke4
Re1+ 48. Kd5 Re3 49. Rxa3 Rxg3 50. Kxe5 Re3+ 51. Kf4 Rh3 52. Ra7+ Kf6 53. Ra6+
Ke7 54. Kg4 Rh1 55. Bd5 Rg1+ 56. Kf4 h5 57. Ke5 g5 58. Ra7+ Ke8 59. Kd6 Kf8 60.
Rf7+ Ke8 61. Rf5 gxh4 62. Bc6+ 1-0

[Event "Fujairah Global Superstar"]
[Site "Fujairah City UAE"]
[Date "2025.08.29"]
[Round "6.21"]
[White "Piorun, Kacper"]
[Black "Gorshtein, Ido"]
[Result "1-0"]
[WhiteTitle "GM"]
[BlackTitle "GM"]
[WhiteElo "2568"]
[BlackElo "2571"]
[WhiteFideId "1130420"]
[BlackFideId "2815532"]
[EventDate "2025.08.25"]

1. g3 e5 2. c4 d6 3. Nc3 f5 4. Bg2 Be7 5. d3 Nf6 6. e3 O-O 7. Nge2 c6 8. O-O Be6
9. b3 Nbd7 10. Qd2 Qe8 11. f4 Ng4 12. Bb2 Nh6 13. Rae1 Nf6 14. Nd1 Nf7 15. Nf2
Kh8 16. Kh1 Bd8 17. Ng1 Bc7 18. Nf3 Rd8 19. Bc3 Bc8 20. Qb2 a6 21. c5 dxc5 22.
fxe5 Nh5 23. e4 Nh6 24. exf5 Bxf5 25. e6 Qe7 26. Bd2 Ng4 27. Nxg4 Bxg4 28. Bg5
Nf6 29. Nh4 Rd6 30. Re4 Rd4 31. h3 Bxe6 32. Nf5 Qe8 33. Nxd4 cxd4 34. Bxf6 gxf6
35. Qxd4 Qf7 36. Qe3 Bd5 37. Re7 Qh5 38. g4 1-0

[Event "Fujairah Global Superstar"]
[Site "Fujairah City UAE"]
[Date "2025.08.30"]
[Round "7.1"]
[White "Pranav, V"]
[Black "Tabatabaei, M. Amin"]
[Result "1-0"]
[WhiteTitle "GM"]
[BlackTitle "GM"]
[WhiteElo "2597"]
[BlackElo "2673"]
[WhiteFideId "25060783"]
[BlackFideId "12521213"]
[EventDate "2025.08.25"]

1. e4 c5 2. Nf3 d6 3. d4 cxd4 4. Nxd4 Nf6 5. Nc3 a6 6. a4 g6 7. Be2 Bg7 8. Be3
O-O 9. O-O Nc6 10. Qd2 Ng4 11. Bxg4 Bxg4 12. Nd5 Rc8 13. Rac1 Bd7 14. Ne2 b5 15.
axb5 axb5 16. b3 e6 17. Ndc3 Ne5 18. Qxd6 Bc6 19. Qb4 Qh4 20. Bc5 Rfe8 21. f3 f5
22. Rcd1 fxe4 23. fxe4 Nd7 24. Bd6 Nf6 25. Be7 Bf8 26. Bxf8 Rxf8 27. Qd6 Qg5 28.
Rf4 b4 29. h4 Qa5 30. Rdf1 Qa7+ 31. Kh1 bxc3 32. Rxf6 Rxf6 33. Rxf6 Qd7 34. Qe5
Qd1+ 35. Kh2 Bd7 36. Nf4 Qg4 37. Nxe6 Qxh4+ 38. Kg1 Qe1+ 39. Rf1 Qe3+ 40. Rf2
Qc1+ 41. Kh2 Qh6+ 42. Kg3 Re8 43. Qg5 Qxg5+ 44. Nxg5 h6 45. Nh7 Kxh7 46. Rf7+
Kg8 47. Rxd7 Rxe4 48. Rc7 g5 49. Rxc3 Kf7 50. Rf3+ Ke6 51. Kf2 Rd4 52. Re3+ Kf5
53. Rd3 Rb4 54. c4 Ke4 55. Ke2 h5 56. c5 Rb8 57. c6 h4 58. c7 Rc8 59. Rc3 g4 60.
b4 h3 61. gxh3 gxh3 62. Kf2 Kd5 63. b5 Kd6 64. b6 h2 65. Kg2 Kd5 1-0

[Event "Fujairah Global Superstar"]
[Site "Fujairah City UAE"]
[Date "2025.08.30"]
[Round "7.2"]
[White "Hong, Andrew"]
[Black "Martinez Alcantara, Jose Eduardo"]
[Result "1/2-1/2"]
[WhiteTitle "GM"]
[BlackTitle "GM"]
[WhiteElo "2580"]
[BlackElo "2636"]
[WhiteFideId "2099438"]
[BlackFideId "3805662"]
[EventDate "2025.08.25"]

1. d4 d5 2. c4 dxc4 3. Nf3 Nf6 4. e3 e6 5. Bxc4 c5 6. O-O Be7 7. Nc3 O-O 8. Re1
Nc6 9. a3 a6 10. Bd3 cxd4 11. exd4 b5 12. Bb1 Bb7 13. Qd3 g6 14. Bh6 Re8 15. Ba2
b4 16. Na4 Na5 17. axb4 Nc6 18. Bb3 Nxb4 19. Qe2 Bxf3 20. Qxf3 Qxd4 21. Nc3 Qg4
22. Qe3 Qf5 23. h3 Bc5 24. Qe2 Qd3 25. Bg5 Qxe2 26. Rxe2 Be7 27. Ra4 a5 28. Bc4
Nd7 29. Be3 Rec8 30. Bb5 Nc5 31. Ra1 Bf6 32. Bc4 Nb7 33. Ne4 Bxb2 34. Rxb2 Rxc4
35. Nd2 Rcc8 36. Ne4 f5 37. Nf6+ Kf7 38. Nd7 Nd6 39. Nb6 Nc4 40. Rxb4 axb4 41.
Nxa8 Nxe3 42. fxe3 b3 43. Ra7+ Kf6 44. Nc7 b2 45. Rb7 Rxc7 46. Rxb2 Rc4 47. g3
g5 48. Kf2 h5 49. Kf3 Rc3 50. Kf2 Ra3 51. Rc2 Ra4 52. Kf3 Ke5 53. Rc5+ Kd6 54.
Rc2 Kd5 55. Rd2+ Ke5 56. Rb2 g4+ 57. hxg4 fxg4+ 58. Ke2 Ke4 59. Rc2 e5 60. Rb2
Rc4 61. Ra2 Rb4 62. Rc2 Rb1 63. Rc4+ Kd5 64. Ra4 Rb2+ 65. Kd3 Rb3+ 66. Ke2 Rc3
67. Kd2 Rc4 68. Ra2 Rb4 69. Kd3 Rb3+ 70. Ke2 Rb1 71. Ra4 Rg1 72. Kf2 Rh1 73.
Ra5+ Ke4 74. Ra4+ Kf5 75. e4+ Ke6 76. Ra6+ Kd7 77. Rh6 Rh2+ 78. Kf1 Ke7 79. Ke1
Rg2 80. Rxh5 Kd6 81. Rh8 Rxg3 82. Ke2 Ke7 83. Rh5 Kf6 84. Rf5+ Ke6 85. Rg5 Kd6
86. Kd2 Kc5 87. Rxe5+ Kd4 88. Re8 Rg2+ 89. Ke1 Ke3 90. Kf1 Kf3 91. e5 Rf2+ 92.
Kg1 Re2 93. Rf8+ Kg3 94. Rf1 Kh3 95. Ra1 g3 96. e6 Rg2+ 97. Kh1 1/2-1/2

[Event "Fujairah Global Superstar"]
[Site "Fujairah City UAE"]
[Date "2025.08.30"]
[Round "7.3"]
[White "Sjugirov, Sanan"]
[Black "Zhu, Jiner"]
[Result "1/2-1/2"]
[WhiteTitle "GM"]
[BlackTitle "GM"]
[WhiteElo "2636"]
[BlackElo "2536"]
[WhiteFideId "4189302"]
[BlackFideId "8608059"]
[EventDate "2025.08.25"]

1. e4 e5 2. Nf3 Nc6 3. Bb5 a6 4. Ba4 Nf6 5. d3 Bc5 6. c3 d6 7. O-O O-O 8. Re1
Ba7 9. h3 b5 10. Bc2 Ne7 11. Nbd2 Ng6 12. d4 Bb7 13. Nf1 c5 14. dxe5 dxe5 15.
Qxd8 Rfxd8 16. c4 h6 17. Bd2 Bb6 18. a3 Ne8 19. a4 Nd6 20. axb5 axb5 21. Rxa8
Rxa8 22. cxb5 Ra2 23. Bc1 c4 24. Bb1 Ra5 25. Bd2 Rxb5 26. Bc3 Ba5 27. Bxa5 Rxa5
28. Ne3 Rb5 29. Nd2 Rb4 30. g3 Ba6 31. Ba2 Rxb2 32. Ndxc4 Bxc4 33. Nxc4 Nxc4 34.
Bxc4 Rc2 35. Bb3 1/2-1/2

[Event "Fujairah Global Superstar"]
[Site "Fujairah City UAE"]
[Date "2025.08.30"]
[Round "7.4"]
[White "Suleymanli, Aydin"]
[Black "Mishra, Abhimanyu"]
[Result "1/2-1/2"]
[WhiteTitle "GM"]
[BlackTitle "GM"]
[WhiteElo "2609"]
[BlackElo "2610"]
[WhiteFideId "13413937"]
[BlackFideId "30920019"]
[EventDate "2025.08.25"]

1. e4 c5 2. Nf3 d6 3. d4 cxd4 4. Nxd4 Nf6 5. Nc3 a6 6. g3 e5 7. Nb3 Be7 8. Bg5
Be6 9. Bxf6 Bxf6 10. Qd3 O-O 11. O-O-O Qb6 12. h4 Nc6 13. Bh3 Rad8 14. Rd2 Qc7
15. Kb1 b5 16. Bg2 Ne7 17. Nd5 Nxd5 18. exd5 Bd7 19. Be4 h5 20. Qf3 a5 21. Qxh5
g6 22. Qh6 Bg7 23. Qg5 f5 24. Bg2 a4 25. Nc1 a3 26. h5 axb2 27. Nb3 Ra8 28. hxg6
Qa7 29. Kxb2 Qa3+ 30. Kb1 Qxa2+ 31. Kc1 Rf6 32. Rh6 e4 33. Kd1 Qb1+ 34. Ke2 b4
35. Nd4 Be8 36. Rh1 Qa2 37. Rhd1 Qxd5 38. Kf1 Bxg6 39. Ne2 Qe5 40. Nf4 Bf7 41.
Nd5 Bxd5 42. Rxd5 Qc3 43. Rxf5 Ra1 44. Rxa1 Qxa1+ 45. Ke2 Qa6+ 46. Rb5 Qa7 47.
f4 exf3+ 48. Bxf3 Qc7 49. Qd5+ Rf7 50. Qa8+ Bf8 51. Rg5+ Kh8 52. Be4 Qc4+ 53.
Bd3 Qe6+ 54. Kd1 d5 55. Qa1+ Qf6 56. Re5 Kg8 57. Qd4 Qf3+ 58. Kc1 Qh1+ 59. Kb2
Bg7 60. Rg5 Qh6 61. Rxg7+ Qxg7 62. Qxg7+ Kxg7 63. Kb3 Kf6 64. g4 Ke5 65. g5 Rf4
66. g6 Rg4 67. Ka4 Ke6 68. Kb3 Kd6 69. Bf5 Rg5 70. Bd3 Kc5 71. Kb2 Kb6 72. Kb3
Kc5 73. Ka4 Rg1 74. Kb3 Rg3 75. Ka4 Rg4 76. Kb3 Kb6 77. Ka4 Kc5 78. Kb3 Rf4 79.
Ka4 Rf8 80. Kb3 Rb8 81. Bf5 Kd6 82. Bd3 Ke5 83. Be2 Kf5 84. Bd3+ Kg5 85. Ka4 b3
86. cxb3 Kf4 87. b4 Ke3 88. Bf5 d4 89. b5 d3 90. Ka5 d2 91. Bc2 Rc8 92. Bd1 Rc1
93. g7 Rxd1 94. g8=Q Ra1+ 95. Kb6 d1=Q 96. Qe6+ Kd4 97. Qd6+ Kc4 98. Qc5+ Kb3
99. Qe3+ Ka2 100. Qe6+ Kb1 101. Qe4+ Kc1 102. Qe3+ Kb2 103. Qe5+ Ka2 104. Qe6+
Qb3 105. Qxb3+ Kxb3 106. Kc7 Rc1+ 107. Kd7 Rd1+ 108. Kc7 Rc1+ 109. Kd7 Ka4 110.
b6 Rb1 111. Kc7 Ka5 112. b7 Ka6 113. b8=Q Rxb8 114. Kxb8 1/2-1/2

[Event "Fujairah Global Superstar"]
[Site "Fujairah City UAE"]
[Date "2025.08.30"]
[Round "7.5"]
[White "Daneshvar, Bardiya"]
[Black "Jacobson, Brandon"]
[Result "1/2-1/2"]
[WhiteTitle "GM"]
[BlackTitle "GM"]
[WhiteElo "2625"]
[BlackElo "2594"]
[WhiteFideId "12576468"]
[BlackFideId "30901561"]
[EventDate "2025.08.25"]

1. e4 c5 2. Nf3 Nc6 3. d4 cxd4 4. Nxd4 e5 5. Nb5 d6 6. c4 Be6 7. Bd3 Be7 8. O-O
a6 9. N5c3 Bg5 10. Nd2 Nge7 11. b3 Nd4 12. Ne2 Bg4 13. f3 Be6 14. Kh1 Nxe2 15.
Qxe2 Ng6 16. Rd1 Nf4 17. Qf1 Qb6 18. Nb1 Qd4 19. Bxf4 Bxf4 20. Na3 Qc5 21. Nc2
O-O 22. Qg1 Rfd8 23. Be2 g6 24. Qxc5 dxc5 25. Rxd8+ Rxd8 26. Rd1 Rxd1+ 27. Bxd1
Bd2 28. Kg1 f5 29. exf5 gxf5 30. Kf2 Kg7 1/2-1/2

[Event "Fujairah Global Superstar"]
[Site "Fujairah City UAE"]
[Date "2025.08.30"]
[Round "7.6"]
[White "Donchenko, Alexander"]
[Black "Nihal, Sarin"]
[Result "1/2-1/2"]
[WhiteTitle "GM"]
[BlackTitle "GM"]
[WhiteElo "2616"]
[BlackElo "2692"]
[WhiteFideId "24603295"]
[BlackFideId "25092340"]
[EventDate "2025.08.25"]

1. Nf3 d5 2. g3 Nd7 3. Bg2 e5 4. O-O Ngf6 5. d4 exd4 6. Nxd4 c6 7. c4 dxc4 8.
Qc2 Bc5 9. Qxc4 O-O 10. Nc3 Qe7 11. Nf5 Qe5 12. Qf4 Qxf4 13. Bxf4 g6 14. Ne3 Re8
15. Nc4 Nb6 16. Bg5 Ng4 17. Nxb6 axb6 18. Ne4 Be7 19. Bxe7 Rxe7 20. a4 Be6 21.
b4 Bd5 22. Nc3 Bxg2 23. Kxg2 Nf6 24. Kf3 Rae8 25. e3 Ne4 26. Nxe4 Rxe4 27. b5
Rb4 28. bxc6 bxc6 29. Rfb1 Ree4 30. Rxb4 Rxb4 31. a5 bxa5 1/2-1/2

[Event "Fujairah Global Superstar"]
[Site "Fujairah City UAE"]
[Date "2025.08.30"]
[Round "7.7"]
[White "Aditya, Mittal"]
[Black "Shankland, Sam"]
[Result "1/2-1/2"]
[WhiteTitle "GM"]
[BlackTitle "GM"]
[WhiteElo "2560"]
[BlackElo "2670"]
[WhiteFideId "35042025"]
[BlackFideId "2004887"]
[EventDate "2025.08.25"]

1. c4 e6 2. Nc3 d5 3. d4 c6 4. e4 dxe4 5. Nxe4 Bb4+ 6. Bd2 Qxd4 7. Bxb4 Qxe4+ 8.
Be2 Na6 9. Ba5 f6 10. Nf3 b6 11. Nd2 Qf4 12. Bh5+ g6 13. Bf3 Qe5+ 14. Kf1 Qc7
15. Bc3 e5 16. Ne4 Bf5 17. Nd6+ Kf8 18. Nxf5 gxf5 19. Qa4 Nc5 20. Qxc6 Qxc6 21.
Bxc6 Rd8 22. f4 e4 23. b4 Nd3 24. g3 Kf7 25. Ke2 Ne7 26. Ba4 Rc8 27. Bb3 Rhd8
28. a3 Kg6 29. Rhd1 Rd6 30. Ra2 a5 31. Rad2 Rd7 32. Rxd3 exd3+ 33. Rxd3 Rxd3 34.
Kxd3 Rd8+ 35. Ke3 axb4 36. axb4 Ra8 37. Kd3 Nc6 38. b5 Rd8+ 39. Ke3 Nb8 40. Bc2
h5 41. h3 Re8+ 42. Kd2 Rd8+ 43. Ke3 Re8+ 1/2-1/2

[Event "Fujairah Global Superstar"]
[Site "Fujairah City UAE"]
[Date "2025.08.30"]
[Round "7.8"]
[White "Pranesh, M"]
[Black "Theodorou, Nikolas"]
[Result "1/2-1/2"]
[WhiteTitle "GM"]
[BlackTitle "GM"]
[WhiteElo "2589"]
[BlackElo "2646"]
[WhiteFideId "35028600"]
[BlackFideId "4262875"]
[EventDate "2025.08.25"]

1. e4 e5 2. Nf3 Nc6 3. Bb5 Nge7 4. O-O a6 5. Bc4 Ng6 6. d4 exd4 7. Nxd4 Bc5 8.
Nf5 O-O 9. Qh5 Kh8 10. Nxg7 Nce5 11. Bg5 f6 12. Bh6 d5 13. Be2 Rg8 14. Nf5 Bxf5
15. exf5 Ne7 16. Kh1 Qd7 17. g4 Qc6 18. h3 Rge8 19. Nd2 Ng8 20. Bf4 Qa4 21. c4
Qc2 22. cxd5 Nd3 23. Bxd3 Qxd3 24. Kg2 Qd4 25. Nb3 Qxd5+ 26. Kg1 Bb6 27. Rae1
Re4 28. Bg3 Rxe1 29. Rxe1 Qf3 30. Bh4 Rd8 31. Qf7 Rd6 32. Kh2 Bxf2 33. Re8 Bg1+
34. Kxg1 Rd1+ 35. Re1 1/2-1/2

[Event "Fujairah Global Superstar"]
[Site "Fujairah City UAE"]
[Date "2025.08.30"]
[Round "7.9"]
[White "Lu, Shanglei"]
[Black "Cheparinov, Ivan"]
[Result "1/2-1/2"]
[WhiteTitle "GM"]
[BlackTitle "GM"]
[WhiteElo "2647"]
[BlackElo "2625"]
[WhiteFideId "8603332"]
[BlackFideId "2905540"]
[EventDate "2025.08.25"]

1. e4 c5 2. Nf3 d6 3. d4 cxd4 4. Nxd4 Nf6 5. Bd3 Nc6 6. Be3 Ng4 7. Nxc6 bxc6 8.
Bd2 g6 9. Bc3 Nf6 10. O-O Bg7 11. Nd2 O-O 12. f4 e5 13. fxe5 Ng4 14. Nc4 Nxe5
15. Nxe5 Bxe5 16. Bxe5 dxe5 17. Bc4 Qe7 18. Qe2 Be6 19. Bxe6 Qxe6 20. b3 Rad8
21. Rad1 Qe7 22. Qc4 Rxd1 23. Rxd1 Rd8 24. Rxd8+ Qxd8 25. Qxc6 Qd1+ 26. Kf2 Qd2+
27. Kf1 Qd1+ 28. Kf2 Qd2+ 29. Kf3 Kg7 30. Qd5 Qf4+ 31. Ke2 Qxh2 32. Kf1 Qf4+ 33.
Ke2 Qh2 34. Kf1 Qf4+ 35. Ke2 1/2-1/2

[Event "Fujairah Global Superstar"]
[Site "Fujairah City UAE"]
[Date "2025.08.30"]
[Round "7.10"]
[White "Sadhwani, Raunak"]
[Black "Pichot, Alan"]
[Result "0-1"]
[WhiteTitle "GM"]
[BlackTitle "GM"]
[WhiteElo "2676"]
[BlackElo "2581"]
[WhiteFideId "35093487"]
[BlackFideId "110973"]
[EventDate "2025.08.25"]

1. e4 e5 2. Nf3 Nc6 3. Bc4 Nf6 4. d3 h6 5. O-O Bc5 6. c3 d6 7. b4 Bb6 8. a4 a5
9. b5 Ne7 10. Re1 O-O 11. d4 Ng6 12. Nbd2 Bg4 13. Qb3 Qd7 14. Bf1 Rfe8 15. dxe5
dxe5 16. h3 Nf4 17. c4 Bxh3 18. gxh3 Nxh3+ 19. Bxh3 Qxh3 20. Nh2 Bxf2+ 21. Kxf2
Qxh2+ 22. Kf1 Re6 23. Re3 Qh1+ 24. Ke2 Rd8 25. Rd3 Red6 26. Rxd6 Qg2+ 27. Ke1
Rxd6 28. Ra2 Qh1+ 29. Nf1 Ng4 30. Rd2 Rf6 0-1

[Event "Fujairah Global Superstar"]
[Site "Fujairah City UAE"]
[Date "2025.08.30"]
[Round "7.11"]
[White "Salem, A.R. Saleh"]
[Black "Grebnev, Aleksey"]
[Result "1/2-1/2"]
[WhiteTitle "GM"]
[BlackTitle "GM"]
[WhiteElo "2640"]
[BlackElo "2595"]
[WhiteFideId "9301348"]
[BlackFideId "34189030"]
[EventDate "2025.08.25"]

1. Nf3 d5 2. g3 e6 3. Bg2 Nf6 4. O-O Be7 5. d3 O-O 6. Nbd2 Nc6 7. e4 dxe4 8.
dxe4 e5 9. Nc4 Qxd1 10. Rxd1 Nxe4 11. Nfxe5 Nxe5 12. Nxe5 Nd6 13. Nd3 Bf5 14. a4
a5 15. Bf4 Rad8 16. Rab1 Bf6 17. b4 axb4 18. Nxb4 Ra8 19. Rd5 Be6 20. Rc5 Rxa4
21. Nd5 Bxd5 22. Bxd5 g5 23. Bxd6 cxd6 24. Rcb5 Ra1 25. Rxa1 Bxa1 26. Rxb7 Bd4
27. Kg2 Kg7 28. Rd7 Bc5 29. f4 gxf4 30. gxf4 Kf6 31. Kf3 h6 32. h3 Ba3 33. h4
Bc5 34. h5 Ba3 35. Bb3 Bc5 36. Bd5 1/2-1/2

[Event "Fujairah Global Superstar"]
[Site "Fujairah City UAE"]
[Date "2025.08.30"]
[Round "7.12"]
[White "Volokitin, Andrei"]
[Black "Muradli, Mahammad"]
[Result "1/2-1/2"]
[WhiteTitle "GM"]
[BlackTitle "GM"]
[WhiteElo "2628"]
[BlackElo "2586"]
[WhiteFideId "14107090"]
[BlackFideId "13409301"]
[EventDate "2025.08.25"]

1. e4 c5 2. Nf3 d6 3. d4 cxd4 4. Nxd4 Nf6 5. Nc3 a6 6. Be3 e5 7. Nf3 Be7 8. Bc4
O-O 9. Bb3 Be6 10. O-O Nc6 11. Qe2 Rc8 12. Rfd1 Qc7 13. Bg5 Ne8 14. Rd3 Bxg5 15.
Nxg5 Nd4 16. Qd2 Nxb3 17. axb3 h6 18. Nxe6 fxe6 19. f3 Rf7 20. Rc1 b5 21. Nd1
Qb6+ 22. Ne3 Rc6 23. b4 Nf6 24. Kh1 Ra7 25. Ra1 Nh5 26. Rc3 Rxc3 27. Qxc3 Rc7
28. Qb3 Kf7 29. g3 Nf6 30. Kg2 h5 31. h4 Rd7 32. Rd1 Qc6 33. Qc3 Qxc3 34. bxc3
d5 35. Kf2 Ke7 36. Ke2 dxe4 37. Ra1 exf3+ 38. Kxf3 Rd2 39. Rxa6 Kf7 40. c4 e4+
41. Kf4 Rf2+ 42. Ke5 Rf3 43. Ra7+ Kg6 44. Ra3 bxc4 45. Nxc4 e3 46. Rxe3 Ng4+ 47.
Ke4 Nxe3 48. Ne5+ Kf6 49. Nxf3 Nxc2 50. b5 Na3 51. Nd4 e5 52. Kd3 Nxb5 53. Nxb5
Kf5 54. Nc3 Kg4 55. Ne2 Kf3 56. Kd2 Kf2 57. Kd3 Kf3 58. Kd2 Kf2 59. Kd3 Kf3 60.
Kd2 Kf2 61. Kd3 1/2-1/2

[Event "Fujairah Global Superstar"]
[Site "Fujairah City UAE"]
[Date "2025.08.30"]
[Round "7.13"]
[White "Ivanchuk, Vasyl"]
[Black "Zemlyanskii, Ivan"]
[Result "0-1"]
[WhiteTitle "GM"]
[BlackTitle "GM"]
[WhiteElo "2623"]
[BlackElo "2586"]
[WhiteFideId "14100010"]
[BlackFideId "24249971"]
[EventDate "2025.08.25"]

1. e4 e5 2. Nf3 Nc6 3. Bb5 a6 4. Ba4 Nf6 5. O-O Be7 6. d3 b5 7. Bb3 d6 8. a4 Bd7
9. c3 O-O 10. Bc2 h6 11. h3 Re8 12. Be3 Bf8 13. Nbd2 Ne7 14. b4 Ng6 15. axb5
axb5 16. Nb3 Be6 17. Rxa8 Qxa8 18. Nfd2 Qc6 19. c4 Qd7 20. Na5 Rb8 21. d4 bxc4
22. d5 Bxh3 23. Nc6 Ra8 24. f3 c3 25. Nb1 Nh4 26. Rf2 Bxg2 27. Rxg2 Qh3 28. Rf2
Ng4 29. fxg4 Qxe3 30. Qe2 Qg3+ 31. Kf1 Qh3+ 32. Kg1 Ra2 33. Qd3 Qxg4+ 34. Kf1
Ng6 35. Qxc3 Nf4 36. Qb3 Qh4 37. Qf3 g5 38. Bd1 Rxf2+ 39. Qxf2 Qh1+ 40. Qg1 Qxe4 0-1

[Event "Fujairah Global Superstar"]
[Site "Fujairah City UAE"]
[Date "2025.08.30"]
[Round "7.14"]
[White "Dudin, Gleb"]
[Black "Mendonca, Leon Luke"]
[Result "1/2-1/2"]
[WhiteTitle "GM"]
[BlackTitle "GM"]
[WhiteElo "2583"]
[BlackElo "2606"]
[WhiteFideId "34184934"]
[BlackFideId "35028561"]
[EventDate "2025.08.25"]

1. c4 e6 2. Nc3 d5 3. d4 c6 4. e4 dxe4 5. Nxe4 Bb4+ 6. Bd2 Qxd4 7. Bxb4 Qxe4+ 8.
Be2 Na6 9. Bc3 f6 10. Nf3 Ne7 11. O-O O-O 12. Nd2 Qf4 13. b4 Rd8 14. Bf3 e5 15.
Qe2 Bf5 16. Ne4 Bxe4 17. Bxe4 Nf5 18. g3 Qg5 19. Rad1 Nd4 20. Bxd4 exd4 21. f4
Qh6 22. b5 f5 23. bxa6 fxe4 24. axb7 Rab8 25. Qxe4 Qd6 26. Rb1 Qd7 27. f5 d3 28.
Qe6+ Kf8 29. Qe3 Qd4 30. Qxd4 Rxd4 31. Rfd1 Ke7 32. Kf2 c5 33. Re1+ Kf7 34. Re6
Rxc4 35. Rc6 d2 36. Rc7+ Kf6 37. Rd1 Rc2 38. Ke2 Rb2 39. Rxd2 R8xb7 40. Rxc5
Rxd2+ 41. Kxd2 Rb2+ 42. Ke3 Rxa2 43. h3 h5 44. Kf3 Ra3+ 45. Kf4 Ra4+ 46. Kf3 a6
47. g4 hxg4+ 48. hxg4 Kg5 49. Rc7 Rf4+ 50. Ke3 Rxg4 51. Rxg7+ Kxf5 52. Rxg4 Kxg4
53. Ke4 1/2-1/2

[Event "Fujairah Global Superstar"]
[Site "Fujairah City UAE"]
[Date "2025.08.30"]
[Round "7.15"]
[White "Puranik, Abhimanyu"]
[Black "Iturrizaga Bonelli, Eduardo"]
[Result "1-0"]
[WhiteTitle "GM"]
[BlackTitle "GM"]
[WhiteElo "2635"]
[BlackElo "2576"]
[WhiteFideId "5061245"]
[BlackFideId "3901211"]
[EventDate "2025.08.25"]

1. e4 c6 2. d4 d5 3. e5 Bf5 4. h4 h6 5. c3 e6 6. h5 c5 7. g4 Bh7 8. Bd3 Bxd3 9.
Qxd3 Nc6 10. Ne2 Qb6 11. a3 a5 12. f4 a4 13. Nd2 Nge7 14. Rb1 cxd4 15. cxd4 f5
16. exf6 gxf6 17. Nf3 Bg7 18. Bd2 O-O 19. b4 e5 20. b5 e4 21. bxc6 Qxc6 22. Qe3
exf3 23. Qxf3 Nc8 24. Rc1 Qd7 25. f5 Re8 26. O-O Nb6 27. Nf4 Bf8 28. Rce1 Nc4
29. Bc1 Rxe1 30. Rxe1 Ra5 31. Ng6 Bd6 32. Bxh6 Bxa3 33. g5 Ra6 34. Qg4 Kh7 35.
Bf8 1-0

[Event "Fujairah Global Superstar"]
[Site "Fujairah City UAE"]
[Date "2025.08.30"]
[Round "7.16"]
[White "Movahed, Sina"]
[Black "Hakobyan, Aram"]
[Result "1/2-1/2"]
[WhiteTitle "GM"]
[BlackTitle "GM"]
[WhiteElo "2558"]
[BlackElo "2625"]
[WhiteFideId "42520835"]
[BlackFideId "13306677"]
[EventDate "2025.08.25"]

1. e4 e5 2. Nf3 Nc6 3. Bc4 Nf6 4. d3 Be7 5. O-O O-O 6. Nc3 d6 7. a4 h6 8. Be3
Be6 9. Bxe6 fxe6 10. Ne2 d5 11. Ng3 Qd7 12. a5 Bd6 13. c4 d4 14. Bd2 Qe7 15. a6
Rab8 16. Qa4 Qd7 17. axb7 Rxb7 18. c5 Be7 19. b4 Rfb8 20. Rfc1 Rb5 21. Rc4 Nh7
22. Ne2 Nf8 23. g3 Kh7 24. Ne1 Bg5 25. f4 exf4 26. gxf4 Be7 27. Nf3 e5 28. f5
Bf6 29. Kh1 Qe8 30. Rg1 Qh5 31. Rg3 Nd7 32. Kg2 Qe8 33. h4 a5 34. Ng5+ Kh8 35.
Ne6 axb4 36. Bxh6 Qh5 37. Bxg7+ Bxg7 38. Qd1 Bh6 39. Rg6 Ne7 40. Nc3 Qxh4 41.
Rg4 Qh5 42. Rg6 Qh4 43. Rg4 Qh5 44. Rg6 Qh4 45. Rg4 1/2-1/2